200 mots aléatoire Harry Potter 2 #3 - Statistiques

Statistiques générales
  • Ce quiz a été pris 30 fois
  • Le résultat moyen est 84 sur 200
Statistiques - réponses
Réponses % Correct
Harry.
100%
Harry
100%
l'
96%
le
96%
à
92%
la
92%
s'
92%
Ron.
88%
de
84%
—Il
84%
il
84%
Il
84%
des
80%
n'
80%
en
72%
et
72%
Les
72%
ne
68%
On
68%
un
68%
au
64%
qui
64%
ses
64%
que
60%
Ils
56%
ils
56%
Poudlard.
56%
dit
52%
pour
52%
voiture,
52%
dans
48%
était
48%
sous
48%
train
48%
aux
44%
avaient
44%
faire
44%
faut
44%
plus
44%
avait
40%
bien
40%
lui
40%
sur
40%
avec
36%
rien
36%
attention
32%
boire.
32%
chaud
32%
chaud,
32%
faisait
32%
moment,
32%
soleil
32%
toujours
32%
long
28%
long.
28%
nuages
28%
Pendant
28%
sueur,
28%
temps
28%
heures
24%
leur
24%
leurs
24%
paraissait
24%
paysage
24%
quelques
24%
restant
24%
vérifier
24%
Voir
24%
vue.
24%
échangèrent
20%
formes
20%
Fred
20%
George
20%
grandes
20%
laissé
20%
regard
20%
tour
20%
avions,
16%
changeait
16%
couleurs
16%
descendaient
16%
donné
16%
imaginer
16%
impossible
16%
pelouse
16%
place
16%
pouvait
16%
soif
16%
yeux:
16%
atterrissage
12%
boîte
12%
caramels
12%
couche
12%
éclatant,
12%
éclatèrent
12%
feraient
12%
fut
12%
gants
12%
Londres
12%
maintenant,
12%
prés
12%
rire.
12%
Sept
12%
songea
12%
tard,
12%
cependant,
8%
défiler
8%
façon
8%
loin
8%
lorsqu'
8%
meilleure
8%
présent
8%
ressemblaient
8%
retrouver
8%
sérieux.
8%
verdure
8%
villes
8%
voyager,
8%
apercevait
4%
avouer
4%
contempler
4%
dut
4%
églises
4%
envieuse
4%
expression
4%
extraordinaires
4%
insectes
4%
joie
4%
landes
4%
minuscules
4%
multicolores.
4%
plein
4%
pourpres.
4%
pouvoir
4%
Régulièrement,
4%
sillonnées
4%
spectaculaire
4%
tourbillons
4%
vaste
4%
villages
4%
voitures
4%
Aucun quiz correspondant
Distribution des résultats
% des personnes avec chaque résultat
Percentile par nombre de réponses
Votre historique - résultats
Vous n’avez pas pris ce quiz